000 00293nam a22001337a 4500
008 170412b xxu||||| |||| 00| 0 eng d
020 _a9780130481443
041 _aeng
080 _23 ED
_a618
100 _a10
101 _aSHM
245 _aINFANT DEVELOPMENT
_cSNOW.C.W
942 _2udc
_cBK
999 _c10545
_d10545